000 00393nam a2200133Ia 4500
008 230917s9999||||xx |||||||||||||| ||und||
040 _e93721
_aMAIN
041 _aEnglish
082 _a610 B328S
100 _aBaveja Sugeet
245 0 _aStudy of clinical haematological and biochemical profile of malaria as observed during its recent resurgence in Haryana
300 _a71 p.
942 _cTH
999 _c87367
_d87367